| 000 | 00465nam a22001577a 4500 | ||
|---|---|---|---|
| 008 | 210415b xxu||||| |||| 00| 0 eng d | ||
| 020 | _a1259255182 | ||
| 050 |
_aQR46 _b.S34 2014 |
||
| 245 |
_aSherris Medical Microbiology _cEdited by Kenneth J. Ryan & C. George Ray |
||
| 250 |
_a6th ed. _bInternational edition |
||
| 260 |
_aNew York _bMcGrawHill _c2014 |
||
| 300 | _ax, 994p. | ||
| 650 | _aCommunicable diseases | ||
| 650 | _aMicrobiology | ||
| 942 |
_2lcc _cBK |
||
| 999 |
_c18888 _d18888 |
||